| 000 | 00655cam a22002413a 4500 | ||
|---|---|---|---|
| 001 | 20268 | ||
| 003 | PGUSA | ||
| 005 | 20140828083429.0 | ||
| 008 | 070105s2007||||xxu|||||s|||||000 | eng d | ||
| 040 |
_aPGUSA _beng |
||
| 042 | _adc | ||
| 050 | 4 | _aPZ | |
| 100 | 1 |
_aCrane, Walter, _d1845-1915 |
|
| 245 | 1 | 4 |
_aThe Baby's Own Aesop _h[electronic resource] / _cWalter Crane |
| 260 |
_bProject Gutenberg, _c2007 |
||
| 506 | _aPublic domain in the USA. | ||
| 516 | _aElectronic text | ||
| 653 | _aFables | ||
| 653 | _aFables, Greek -- Adaptations | ||
| 830 | 0 |
_aProject Gutenberg _v20268 |
|
| 856 | 4 | 0 | _uhttp://www.gutenberg.org/ebooks/20268 |
| 942 | _cEB | ||
| 999 |
_c249523 _d249523 |
||